[Event "7. Torneio de São José do Rio Preto"]
[Site "São José do Rio Preto BRA"]
[Date "2008.03.29"]
[Round "10.2"]
[White "Santos, Renato Andrade"]
[Black "Martins, Vinicius Tine"]
[Result "0-1"]
[WhiteElo "2259"]
[BlackElo "2308"]
[PlyCount "202"]
[EventDate "2008.03.24"]
[EventType "tourn"]
[EventRounds "11"]
[EventCountry "BRA"]
[EventCategory "3"]
[Source "lmi"]
[SourceDate "2008.03.24"]

1. d4 d5 2. c4 c6 3. cxd5 cxd5 4. Nf3 Nf6 5. Nc3 Nc6 6. Bf4 a6 7. Ne5 Bf5 8. e3
e6 9. Be2 Nd7 10. Nxc6 bxc6 11. O-O Be7 12. Na4 Qa5 13. a3 c5 14. dxc5 Nxc5 15.
Nxc5 Qxc5 16. Qa4+ Kf8 17. Rfc1 Qa7 18. Rc7 Qb6 19. b4 f6 20. Qd7 Re8 21. Rc6
Qd8 22. Qxd8 Rxd8 23. Bxa6 e5 24. Bg3 Ra8 25. b5 Kf7 26. a4 Rhb8 27. Rd1 Bd7
28. Rc7 Ke6 29. f4 Bd6 30. Rcc1 Ba3 31. Ra1 Bc5 32. Kf2 Be8 33. fxe5 fxe5 34.
Rdc1 Bb6 35. Ke2 Ba5 36. Be1 Bb6 37. Bb4 Bh5+ 38. Kf2 Bd8 39. Bc5 Ba5 40. Rf1
Bg6 41. h3 Bd3 42. Rfd1 Bc4 43. Rab1 Ba2 44. Ra1 Bc4 45. Kg1 Bc3 46. Rac1 Ba5
47. e4 Bb3 48. exd5+ Kd7 49. Rf1 Bxd5 50. Rcd1 Ke6 51. Be3 Bb3 52. Rc1 Bxa4 53.
Rc6+ Kd5 54. Rf7 Ke4 55. Rc4+ Kxe3 56. Rxa4 Bb6 57. Kh2 Ra7 58. Rf3+ Ke2 59.
Ra2+ Ke1 60. g3 Rd8 61. Kg2 Rd2+ 62. Rxd2 Kxd2 63. Ra3 e4 64. Ra2+ Kd3 65. Ra3+
Kd2 66. Ra2+ Kd3 67. Ra3+ Kd4 68. Ra4+ Ke5 69. Rc4 Bd4 70. Rc2 Rf7 71. Re2 Rc7
72. b6 Bxb6 73. Bd3 e3 74. Bxh7 Rc1 75. h4 Bd4 76. Bd3 Rd1 77. Ba6 Ra1 78. Bb5
Rb1 79. Ba6 Rb6 80. Bd3 Rf6 81. Bb5 Bc5 82. Bd3 Kd4 83. Bb5 Bb4 84. Bd7 Bd2 85.
Bb5 Rb6 86. Bd7 Rb1 87. Bf5 Rc1 88. g4 Ke5 89. h5 Kf4 90. Bd7 Ra1 91. Bf5 Rc1
92. Bd7 Be1 93. g5 Bf2 94. h6 Rg1+ 95. Kh2 Rxg5 96. hxg7 Kf3 97. Ra2 Rxg7 98.
Bc6+ Kf4 99. Bg2 Rh7+ 100. Bh3 Kf3 101. Ra3 Bg3+ 0-1

[Event "7. Torneio de São José do Rio Preto"]
[Site "São José do Rio Preto BRA"]
[Date "2008.03.29"]
[Round "10.3"]
[White "Capatti, Eduardo"]
[Black "Quiroga, Facundo"]
[Result "0-1"]
[WhiteElo "2169"]
[BlackElo "2331"]
[PlyCount "106"]
[EventDate "2008.03.24"]
[EventType "tourn"]
[EventRounds "11"]
[EventCountry "BRA"]
[EventCategory "3"]
[Source "lmi"]
[SourceDate "2008.03.24"]

1. d4 Nf6 2. Nf3 e6 3. Nbd2 c5 4. e3 d5 5. c3 Nc6 6. Bd3 Bd6 7. O-O O-O 8. dxc5
Bxc5 9. e4 e5 10. Qe2 Bg4 11. b4 Be7 12. h3 Bxf3 13. Nxf3 dxe4 14. Bxe4 Nxe4
15. Qxe4 f6 16. Be3 Kh8 17. Rfd1 Qc7 18. g4 Rac8 19. h4 a5 20. Rac1 Rfd8 21. b5
Nb8 22. Rxd8+ Rxd8 23. c4 b6 24. h5 Nd7 25. Rd1 Nc5 26. Rxd8+ Qxd8 27. Bxc5
Bxc5 28. Qd5 Qxd5 29. cxd5 g6 30. hxg6 hxg6 31. Nd2 Kg7 32. Kf1 f5 33. gxf5
gxf5 34. f3 Kf6 35. Kg2 Bd4 36. Kg3 Bg1 37. Kg2 Be3 38. Nc4 Bd4 39. Kf1 Bc5 40.
Ke2 e4 41. fxe4 fxe4 42. Kd2 Kf5 43. Ke2 Bd4 44. Kd2 Bg1 45. Ke2 Bc5 46. Kd2
e3+ 47. Nxe3+ Ke4 48. Nc4 Kd4 49. Ne3 a4 50. d6 Bb4+ 51. Ke2 Bxd6 52. Nf5+ Ke5
53. Nxd6 Kxd6 0-1

[Event "7. Torneio de São José do Rio Preto"]
[Site "São José do Rio Preto BRA"]
[Date "2008.03.29"]
[Round "10.4"]
[White "Viana da Costa, Fernando"]
[Black "Oliveira, Silvio Eduardo C. d"]
[Result "1/2-1/2"]
[WhiteElo "2294"]
[BlackElo "2291"]
[PlyCount "35"]
[EventDate "2008.03.24"]
[EventType "tourn"]
[EventRounds "11"]
[EventCountry "BRA"]
[EventCategory "3"]
[Source "lmi"]
[SourceDate "2008.03.24"]

1. e4 c6 2. d4 d5 3. Nc3 dxe4 4. Nxe4 Bf5 5. Ng3 Bg6 6. Nf3 Nd7 7. h4 h6 8. h5
Bh7 9. Bd3 Bxd3 10. Qxd3 e6 11. Bf4 Ngf6 12. O-O-O Be7 13. Ne4 Nxe4 14. Qxe4
Nf6 15. Qe2 Qd5 16. Kb1 Qe4 17. Qxe4 Nxe4 18. Be3 1/2-1/2

[Event "7. Torneio de São José do Rio Preto"]
[Site "São José do Rio Preto BRA"]
[Date "2008.03.29"]
[Round "10.5"]
[White "Crosa Coll, Martin"]
[Black "Perdomo, Leandro"]
[Result "1/2-1/2"]
[WhiteElo "2391"]
[BlackElo "2354"]
[PlyCount "98"]
[EventDate "2008.03.24"]
[EventType "tourn"]
[EventRounds "11"]
[EventCountry "BRA"]
[EventCategory "3"]
[Source "lmi"]
[SourceDate "2008.03.24"]

1. g3 g6 2. Bg2 Bg7 3. Nf3 Nf6 4. O-O O-O 5. d3 d5 6. Nbd2 Nc6 7. e4 e5 8. c3
dxe4 9. dxe4 a5 10. a4 b6 11. Re1 Ba6 12. Qb3 Nd7 13. Bf1 Nc5 14. Qc2 Bd3 15.
Bxd3 Qxd3 16. Qxd3 Nxd3 17. Re2 Bh6 18. b3 Nxc1 19. Rxc1 Rfd8 20. Rc2 f6 21.
Kf1 Kf7 22. Re1 Rab8 23. Ke2 b5 24. axb5 Rxb5 25. Ra1 Rdb8 26. Ra4 Rc5 27. Kd1
Ke6 28. h3 Rd8 29. Kc1 Rd3 30. Kb2 Kd7 31. Ra1 Ke7 32. Re1 Rb5 33. Ka2 Rb8 34.
Re2 Rbd8 35. Ka3 R8d6 36. Ka4 Kd8 37. Kb5 Kd7 38. h4 Bxd2 39. Nxd2 Rxc3 40.
Rxc3 Nd4+ 41. Kxa5 Nxe2 42. Rc2 Nd4 43. Rb2 Rb6 44. b4 Rb5+ 45. Ka4 Rb8 46. Nc4
Ra8+ 47. Na5 c6 48. Rb1 Kc7 49. Rc1 Kd6 1/2-1/2

[Event "7. Torneio de São José do Rio Preto"]
[Site "São José do Rio Preto BRA"]
[Date "2008.03.29"]
[Round "10.6"]
[White "Borges, Leomar Barbero"]
[Black "Stamenkovic, Dragan"]
[Result "1/2-1/2"]
[WhiteElo "2230"]
[BlackElo "2417"]
[PlyCount "23"]
[EventDate "2008.03.24"]
[EventType "tourn"]
[EventRounds "11"]
[EventCountry "BRA"]
[EventCategory "3"]
[Source "lmi"]
[SourceDate "2008.03.24"]

1. Nf3 g6 2. d4 Bg7 3. e3 Nf6 4. Be2 O-O 5. b3 d6 6. Bb2 Nbd7 7. O-O c6 8. c4
Re8 9. Nc3 e5 10. dxe5 dxe5 11. Qc2 Qc7 12. Rad1 1/2-1/2

[Event "7. Torneio de São José do Rio Preto"]
[Site "São José do Rio Preto BRA"]
[Date "2008.03.30"]
[Round "11.2"]
[White "Perdomo, Leandro"]
[Black "Borges, Leomar Barbero"]
[Result "1/2-1/2"]
[WhiteElo "2354"]
[BlackElo "2230"]
[PlyCount "32"]
[EventDate "2008.03.24"]
[EventType "tourn"]
[EventRounds "11"]
[EventCountry "BRA"]
[EventCategory "3"]
[Source "lmi"]
[SourceDate "2008.03.24"]

1. d4 Nf6 2. c4 g6 3. Nc3 Bg7 4. e4 d6 5. Nf3 O-O 6. Be2 e5 7. Be3 Nc6 8. O-O
Re8 9. d5 Nd4 10. Nxd4 exd4 11. Bxd4 Nxe4 12. Bxg7 Kxg7 13. Qd4+ Qf6 14. Qxf6+
Kxf6 15. Nxe4+ Rxe4 16. Bd3 Re7 1/2-1/2

[Event "7. Torneio de São José do Rio Preto"]
[Site "São José do Rio Preto BRA"]
[Date "2008.03.30"]
[Round "11.4"]
[White "Quiroga, Facundo"]
[Black "Viana da Costa, Fernando"]
[Result "1-0"]
[WhiteElo "2331"]
[BlackElo "2294"]
[PlyCount "157"]
[EventDate "2008.03.24"]
[EventType "tourn"]
[EventRounds "11"]
[EventCountry "BRA"]
[EventCategory "3"]
[Source "lmi"]
[SourceDate "2008.03.24"]

1. d4 g6 2. e4 Bg7 3. Nf3 d6 4. Be2 Nf6 5. Nc3 O-O 6. O-O c6 7. a4 Nbd7 8. e5
Nd5 9. Nxd5 cxd5 10. exd6 exd6 11. a5 a6 12. c3 Nf6 13. Ne1 Re8 14. Nd3 b6 15.
Bg5 bxa5 16. Bf3 Qb6 17. Nf4 Be6 18. Bxf6 Bxf6 19. Nxd5 Bxd5 20. Bxd5 Rab8 21.
Qf3 Kg7 22. b3 Rf8 23. Bc4 Rbc8 24. Qd5 Bd8 25. Rfe1 Qc6 26. Qxc6 Rxc6 27. Re3
Bg5 28. Rd3 Bd8 29. Kf1 Re8 30. g3 Re7 31. Bd5 Rc8 32. c4 Bb6 33. Re1 Rcc7 34.
Rde3 Kf6 35. Ke2 Kg7 36. Rd1 Kf6 37. Kd3 Kg7 38. g4 h6 39. h4 Ra7 40. g5 Bd8
41. Rg1 Rac7 42. Reg3 hxg5 43. hxg5 Re8 44. Rh3 Rh8 45. Rxh8 Kxh8 46. f4 Kg7
47. Ra1 Rc8 48. Re1 Kf8 49. Kc3 Bb6 50. Kd3 Re8 51. Ra1 Rb8 52. Bc6 Bc7 53. Ba4
Bb6 54. Ke4 d5+ 55. cxd5 Ke7 56. Rc1 Rd8 57. Bc6 Rc8 58. Rf1 Bc7 59. f5 gxf5+
60. Kxf5 Rh8 61. Re1+ Kd6 62. Kf6 Bd8+ 63. Kxf7 Bxg5 64. Re6+ Kc7 65. Ba4 Rd8
66. Rc6+ Kb7 67. d6 Be3 68. d5 Bg5 69. Rc7+ Kb6 70. Bd7 Bf4 71. Ke6 Rh8 72. Bc8
Rh6+ 73. Kf5 Bxd6 74. Rc6+ Kb5 75. Kg5 Bf4+ 76. Kxf4 Rxc6 77. dxc6 Kxc6 78. Ke5
Kc5 79. Bd7 1-0

[Event "7. Torneio de São José do Rio Preto"]
[Site "São José do Rio Preto BRA"]
[Date "2008.03.30"]
[Round "11.5"]
[White "Martins, Vinicius Tine"]
[Black "Capatti, Eduardo"]
[Result "1-0"]
[WhiteElo "2308"]
[BlackElo "2169"]
[PlyCount "46"]
[EventDate "2008.03.24"]
[EventType "tourn"]
[EventRounds "11"]
[EventCountry "BRA"]
[EventCategory "3"]
[Source "lmi"]
[SourceDate "2008.03.24"]

1. e4 d6 2. d4 Nf6 3. Nc3 g6 4. f4 Bg7 5. Nf3 c5 6. dxc5 Qa5 7. Bd3 Qxc5 8. Qe2
Nc6 9. Be3 Qa5 10. O-O O-O 11. Kh1 Bg4 12. h3 Nh5 13. Qe1 Bxf3 14. Rxf3 Nd4 15.
Rf1 e5 16. f5 Nf4 17. f6 Bxf6 18. Nd5 Qd8 19. Nxf6+ Qxf6 20. Bxd4 Qg5 21. Qd2
Nxh3 22. Qxg5 Nxg5 23. Be3 Ne6 1-0

[Event "7. Torneio de São José do Rio Preto"]
[Site "São José do Rio Preto BRA"]
[Date "2008.03.30"]
[Round "11.6"]
[White "Valiente, Cristobal"]
[Black "Santos, Renato Andrade"]
[Result "0-1"]
[WhiteElo "2273"]
[BlackElo "2259"]
[PlyCount "88"]
[EventDate "2008.03.24"]
[EventType "tourn"]
[EventRounds "11"]
[EventCountry "BRA"]
[EventCategory "3"]
[Source "lmi"]
[SourceDate "2008.03.24"]

1. c4 c5 2. Nc3 Nf6 3. e3 g6 4. Nf3 Bg7 5. d4 cxd4 6. exd4 d5 7. cxd5 Nxd5 8.
Qb3 Nxc3 9. bxc3 O-O 10. h4 Nc6 11. h5 e5 12. hxg6 hxg6 13. Bg5 Qa5 14. d5 e4
15. Bd2 exf3 16. dxc6 Re8+ 17. Kd1 bxc6 18. gxf3 Be6 19. c4 Red8 20. Bd3 Qe5
21. Rc1 Rab8 22. Qa3 Qd4 23. Ke2 Bf5 24. Rc3 Bxd3+ 25. Rxd3 Qxc4 26. Rd1 Rd5
27. Be3 Rbd8 28. Qb3 Qa6 29. a4 Kf8 30. Qb4+ Ke8 31. Qb3 Kf8 32. Qb4+ Kg8 33.
Qb3 Bd4 34. Bxd4 Rxd4 35. Ke3 Rxd3+ 36. Rxd3 Rxd3+ 37. Qxd3 Qxd3+ 38. Kxd3 Kf8
39. Kd4 Ke7 40. Ke4 f6 41. Kd4 Kd6 42. Kc4 c5 43. f4 Kc6 44. f3 f5 0-1